00717cam a2200217 i 45000010009000000050017000090080041000260200025000670200022000920200025001140200022001390400013001610820023001741000022001972450143002192500012003622600033003743000041004076500027004487000024004751927989820180517102602.0160920s2017 nyua b 001 0 eng  a9781138289710 (hbk.) a113828971X (hbk.) a9781138289734 (pbk.) a1138289736 (pbk.) cPK-LaUMT00a519.535223bMER-A1 aMertler, Craig A.10aAdvanced and multivariate statistical methods :bpractical application and interpretation /cCraig A. Mertler and Rachel Vannatta Reinhart a6th ed. aNew York :bRoutledge,c2017 axv, 374 p. :billustrations ;c29 cm 0aMultivariate analysis.1 aVannatta, Rachel A.